000
00393nam a2200145Ia 4500
008
090123s9999 xx 000 0 und d
082
_b
25628
245
_a
मौत के चेहरे
250
_a
0
260
_b
राज पॉकेट बुक्स
300
_a
58
630
_a
मौत के चेहरे
730
_a
मौत के चेहरे
942
_c
BOOK
999
_c
63699
_d
63699